000 00375nam a2200145Ia 4500
008 150201s1994 xx 000 0 und d
082 _a617.5
_bS1994W
100 _aSABISTON ,JR.DAVID
245 _aSUBISTON ESSENTIALS OF SURGERY
250 _a2ND
260 _bHARCOURT INDIA PRIVATE LIMITED
_aNEW DELHI
_c1994
300 _a1-774
650 _aSURGERY
942 _2ddc
_cBK
_01
999 _c3209
_d3209